| 000 | 01022nam a2200265 i 4500 | ||
|---|---|---|---|
| 001 | bg | ||
| 245 | 0 | 0 |
_aSzkice Podlaskie / _c[red. nauk. Edward Pawłowski] ; Siedleckie Towarzystwo Naukowe ; Instytut Historii Wyższej Szkoły Rolniczo-Pedagogicznej. |
| 260 |
_aSiedlce : _bOficyna Wydawnicza "Ajaks", _c1996. |
||
| 300 |
_a164, [1] s., [3] s. il. : _bil. ; _c24 cm. |
||
| 490 | 1 |
_aPrace Siedleckiego Towarzystwa Naukowego ; _vnr 5 |
|
| 651 | 9 |
_aSiedlce (woj. mazowieckie ; okręg) _xbiografie |
|
| 651 | 9 |
_aSiedlce (woj. mazowieckie ; okręg) _y19-20 w. |
|
| 700 | 1 |
_aPawłowski, Edward. _eRed. |
|
| 710 | 2 | _aSiedleckie Towarzystwo Naukowe (Siedlce) | |
| 710 | 2 | _aWyższa Szkoła Rolniczo-Pedagogiczna (Siedlce). | |
| 830 | _aPrace Siedleckiego Towarzystwa Naukowego ; | ||
| 020 | _a8387103055 | ||
| 040 | _cBPK | ||
| 041 | 0 | _apol | |
| 044 | _aPOL | ||
| 080 | _a94(438).071/.083"18/19"A/Z:929-052 | ||
| 920 | _a83-87103-05-5 | ||
| 942 | _cKS | ||
| 008 | 100820s1996 pl a |000 0 pol | ||
| 999 |
_c49617 _d49617 |
||
| 856 |
_uhttp://koha.tu.koszalin.pl/cgi-bin/koha/opac-detail.pl?biblionumber=49617 _yKatalog online BPK |
||